000 00710cab a2200253 4500
001 WB3231-97
008 090401t1996 xxu||||| |||| 00| 0 eng d
035 _a(Sirsi) u69988
041 _aeng
245 _aBrussels spotlight falls on property
260 _c1996
350 _a0
490 _aEuroProperty
_v5(1) August 1996, 1(1)
520 _aThe European Commission is looking at ways to harmonise taxes on property throughout the European Community.
650 _aCOMPARISON
650 _aEUROPEAN COMMUNITY
650 _aHARMONISATION
650 _aPROPERTY TAXES
650 _aREGIE DAUPHINOISE
650 _aVALUE ADDED TAX
690 _aTAXATION
942 _n0
948 _c04/03/1997
999 _c44024
_d44024